Dictámenes.
Guardat en:
| Autor principal: | |
|---|---|
| Format: | Llibre |
| Idioma: | anglès |
| Publicat: |
Madrid, España:
Sucesores de Rivadeneyra,
1968.
|
| Matèries: | |
| Etiquetes: |
Afegir etiqueta
Sense etiquetes, Sigues el primer a etiquetar aquest registre!
|
MARC
| LEADER | 00000nam a22000007a 4500 | ||
|---|---|---|---|
| 003 | CL-VaPUC | ||
| 005 | 20231116114806.0 | ||
| 008 | 231108b ||||| |||| 00| 0 eng d | ||
| 999 | |c 442331 |d 442329 | ||
| 040 | |c Pontificia Universidad Católica de Valparaíso | ||
| 082 | |2 22 |a 346.02 HER 1968 | ||
| 100 | |9 443264 |a Hernández Gil, Antonio |e autor | ||
| 245 | |a Dictámenes. | ||
| 260 | |a Madrid, España: |b Sucesores de Rivadeneyra, |c 1968. | ||
| 300 | |a 2 Volúmenes. | ||
| 500 | |a c.1 Volumen I: Donación del Profesor Jorge López Santa María. MEMO N° 040. 20/10/2023. c.1 Volumen II: Donación del Profesor Jorge López Santa María. MEMO N° 040. 20/10/2023. | ||
| 505 | |a v.I: Personas. Bienes. Derechos reales. Obligaciones y contratos. v.II: Derecho de Familia. Derecho de sucesiones. Cuestiones procesales. | ||
| 583 | |c 20231108 |k Yessy Sthefany Diaz Vidal | ||
| 650 | |a Derecho civil |x Derecho comparado |x Contratos, bienes, propiedad, etc. |z España |9 885605 | ||
| 650 | 0 | |a Derecho de sucesiones |x Testamentos |z España |9 870113 | |
| 650 | 0 | |a Derecho de familia |x Bienes |z España |9 255603 | |
| 942 | |2 ddc |c BK | ||
| 952 | |0 0 |1 0 |2 ddc |4 0 |6 346_020000000000000_HER_1968 |7 0 |8 A |9 592318 |a BIBDER |b BIBDER |c GEN |d 2023-11-08 |e Donación |h v.I |i 5659309 |o 346.02 HER 1968 |p 5659309 |r 2023-11-08 |t 1 |w 2023-11-08 |y BK |k DER | ||
| 952 | |0 0 |1 0 |2 ddc |4 0 |6 346_020000000000000_HER_1968 |7 0 |8 A |9 592319 |a BIBDER |b BIBDER |c GEN |d 2023-11-08 |e Donación |h v.II |i 5659310 |o 346.02 HER 1968 |p 5659310 |r 2023-11-08 |t 1 |w 2023-11-08 |y BK |k DER | ||